000 00515nam a2200169Ia 4500
003 GCL
008 140319s9999 xx 000 0 eng d
040 _aGCL /
_cGCL
082 0 4 _a892.7
_bV
100 1 _aSAUGET, JOSEPH - MARIE
245 1 0 _aUNE COLLECTION ARABE D'HOMELIES POUR LES FETES DU SEIGNEUR /
_cSAUGET, JOSEPH - MARIE
260 _a[S.N] :
_bACCADEMIA NAZIONALE DEI LINCEI ،
_c1974
300 _a408 - 452
650 0 4 _aARABIC LITERATURE
650 0 4 _aCHRISTIAN - ARABIC LITERATURE
942 _2ddc
_cBK
999 _c12404
_d12404